000 00661nam a2200253Ia 4500
005 20260306153920.0
008 008 260114s9999 xx 000 0 eng d
020 _a9780748631483
037 _aEBOOK
040 _aCRL
040 _beng
040 _cCRL
041 _2eng
041 _aeng
084 _qCRL
100 _aElstub
_91126497
245 0 _aTowards a Deliberative and Associational Democracy 1st ed
260 _bEdinburgh University Press
260 _c2012
650 _aPolitical Science
856 _uhttps://www.cambridge.org/core/product/identifier/9780748631483/type/BOOK
942 _cEBOOK
999 _c1705412
_d1705412